Statistics for Best NFL Players In History

Click here to take the quiz!

General Stats

  • This quiz has been taken 166 times
  • The average score is 4 of 10

Answer Stats

RankName% Correct
2Jerry Rice
80%
3Joe Montana
80%
1Jim Brown
48%
4Walter Payton
47%
5Lawrence Taylor
40%
7John Elway
24%
6Johnny Unitas
23%
9Roddy White
15%
8Dick Butkus
11%
10Sammy Baugh
9%

Score Distribution

Percentile by Number Answered

Percent of People with Each Score

Your Score History

You have not taken this quiz